Pokémon - Les attaques de Racaillou d'Alola - Statistiques

Statistiques générales
  • Ce quiz a été pris 10 fois
  • Le résultat moyen est 13 sur 16
Statistiques - réponses
Niveaux Types Noms des attaques % Correct
Départ Normal Charge
100%
Niveau 42 Roche Lame de Roc
100%
Départ Normal Boul'Armure
86%
Niveau 30 Roche Boule Roc
86%
Niveau 4 Électrique Chargeur
86%
Niveau 24 Normal Destruction
86%
Niveau 36 Normal Explosion
86%
Niveau 16 Roche Jet-Pierres
86%
Niveau 6 Roche Poliroche
86%
Niveau 10 Roche Roulade
86%
Niveau 18 Roche Anti-Air
71%
Niveau 34 Électrique Coup d'Jus
71%
Niveau 12 Électrique Étincelle
71%
Niveau 28 Roche Piège de Roc
71%
Niveau 22 Électrique Poing-Éclair
71%
Niveau 40 Normal Damoclès
57%
Aucun quiz correspondant
Distribution des résultats
% des personnes avec chaque résultat
Percentile par nombre de réponses
Votre historique - résultats
Vous n’avez pas pris ce quiz